Senilia: reflexiones de un anciano

Đã lưu trong:
Chi tiết về thư mục
Tác giả chính: Schopenhauer, Arthur (Tác giả)
Định dạng: Sách
Ngôn ngữ:Tiếng Tây Ban Nha
Được phát hành: Barcelona Herder 2010
Phiên bản:1a. ed
Những chủ đề:
Các nhãn: Thêm thẻ
Không có thẻ, Là người đầu tiên thẻ bản ghi này!

MARC

LEADER 00000cam a2200000 a 4500
001 UCD5203
003 CL-VaPUC
008 160811e20100000sp |||||||||||||||||spa|d
020 |a 9788425426957 
082 0 4 |a 193  |b SCH  |2 21 
100 0 |a Schopenhauer, Arthur  |e author  |9 265694 
245 1 0 |a Senilia: reflexiones de un anciano 
250 |a 1a. ed 
300 |a 464 p 
942 |c BK 
945 |d 20160811 17:42:00  |a arojas 
260 |a Barcelona  |b Herder  |c 2010 
650 0 |a Filosofía alemana   |9 265002 
650 7 |a REFLEXIONES  |2 CL-VaPUC  |9 399754 
650 7 |a FILOSOFOS ALEMANES  |2 CL-VaPUC  |9 588928 
650 0 |a Vejez   |9 307287 
583 |a last modification  |c 20160811 17:42:00  |k Rodrigo Vera 
999 |c 365932  |d 365930 
952 |0 0  |1 0  |3 erb  |4 0  |6 193_000000000000000_SCH_2010  |7 0  |8 A  |9 479907  |a BIBEDU  |b BIBEDU  |i 5337011  |l 1  |o 193 SCH 2010  |p 5337011  |r 2024-03-22  |s 2024-03-22  |w 2019-11-24  |y BK  |z Catalogado en:20160811  |k FIL